000 01415naa a22003857a 4500
001 BR7804712
003 BR-BrBNA
005 20240918174136.0
007 ta
008 230509b bl.||||| |||| 00| 0 por d
040 _aBR-BrBNA
_bpor
_cBiblioteca Nacional de Agricultura
041 _a(Pt)
072 _aL30; F30
_b5213
_b1910
_bG514
090 _aL30 BR7804712
100 1 _aVilela, H.
100 1 _aGarcia, A.B.
100 1 _aPires, J.A. de A.
100 1 _aOliveira, S.
100 1 _aVilela, E.
111 1 _aEncontro sobre Pecuaria Leiteira
_cSao Carlos, SP (Brazil)
_d23 Apr 1978
245 1 _aRendimento em peso vivo de novilhos azebuados e capacidade de suporte de pastagens natural e melhorada estabelecidas em latossol distrofico (Fase campo limpo)[Nutricao animal; Producao vegetal; Minas Gerais; Brasil]
260 3 _aSao Carlos, SP (Brasil):
_c1978.
500 _aAnais do Encontro sobre Pecuaria Leiteira Sao Carlos, SP (Brasil): 1978. p. 46-53 (BR7804712-AM)L30
650 _aNutricao animal
650 _aGado zebu
650 _aPastagem natural
650 _aPastejo
650 _aMelhoramento vegetal
650 _aRendimento
650 _aLatossolo distrofico
650 _aMinas Gerais
773 0 _tAnais do Encontro sobre Pecuaria Leiteira
_wL30 BR7804712
_gSao Carlos, SP (Brasil), 1978. p. 46-53
909 _a202404
_bLucia
_c55
_dLucia Elande
942 _cAM
_2AGRIS
999 _c309177
_d309177